DTM Fahrer 2015 - Statistiken

Allgemein
  • Dieses Quiz wurde 6 mal gespielt
  • Das Durchschnittsergebnis liegt bei 19 aus 25
Antwortstatistiken
Team Nummer Marke Nation Fahrer % Korrekt
BMW Team RBM 18 BMW Brasilien Augusto Farfus
100%
BMW Team MTEK 7 BMW Kanada Bruno Spengler
100%
EURONICS/BWT Mercedes-AMG 2 Mercedes Großbritannien Gary Paffett
100%
Audi Sport Team Abt Sportsline 5 Audi Schweden Mattias Ekström
100%
Audi Sport Team Phoenix 99 Audi Deutschland Mike Rockenfeller
100%
Audi Sport Team Phoenix(8) 10 Audi Deutschland Timo Scheider
100%
Petronas Mercedes-AMG 12 Mercedes Spanien Daniel Juncadella
80%
Audi Sport Team Abt 48 Audi Italien Edoardo Mortara
80%
Audi Sport Team Rosberg 53 Audi Großbritannien Jamie Green
80%
EURONICS/BWT Mercedes-AMG 22 Mercedes Österreich Lucas Auer
80%
BMW Team RMG 1 BMW Deutschland Marco Wittmann
80%
Audi Sport Team Abt Sportsline 17 Audi Spanien Miguel Molina
80%
gooix Original-Teile Mercedes-AMG 94 Mercedes Deutschland Pascal Wehrlein
80%
SILBERPFEIL Energy Mercedes-AMG 3 Mercedes Großbritannien Paul di Resta
80%
SILBERPFEIL Energy Mercedes-AMG 6 Mercedes Kanada Robert Wickens
80%
BMW Team MTEK 16 BMW Deutschland Timo Glock
80%
Audi Sport Team Abt 27 Audi Frankreich Adrien Tambay
60%
BMW Team Schnitzer 13 BMW Portugal Antonio Felix da Costa
60%
gooix Original-Teile Mercedes-AMG 8 Mercedes Deutschland Christian Vietoris
60%
BMW Team RMG 36 BMW Belgien Maxime Martin
60%
Audi Sport Team Rosberg 51 Audi Schweiz Nico Müller
60%
Audi Sport Team Phoenix(1) 93 Audi Italien Antonio Giovinazzi
40%
BMW Team Schnitzer 77 BMW Deutschland Martin Tomczyk
40%
Petronas Mercedes-AMG 84 Mercedes Deutschland Maximilian Götz
40%
BMW Team RBM 31 BMW Großbritannien Tom Blomqvist
40%
Keine übereinstimmenden Quizze gefunden
Verteilung der Resultate
Anzahl Personen mit jedem Resultat
Perzentil nach korrekt beantworteten Fragen
Ihre Resultats-Entwicklung
Sie haben dieses Quiz noch nicht gespielt